000
00192 a2200097 4500
001
1694
100
_a
Kenison, E
245
_a
Mechanical Drawing
260
_a
_b
A.T.S
_c
090
_c
1231
_d
1231
942
_a
NUST-CAE
_c
M
_c
2570
999
_c
236767
_d
236767